| 000 | 02159nam0a22003251 4500 | ||
|---|---|---|---|
| 001 | rc\3224352 | ||
| 005 | 20250609164523.0 | ||
| 021 |
_aRU _b75-41799 |
||
| 021 |
_aRU _bРг2961-77 |
||
| 035 | _a(NLR Aleph) 007366551 | ||
| 090 |
_a6363009 _c6363009 |
||
| 100 | _a20130115d1974 |||y0rusy50 ca | ||
| 101 | 0 | _arus | |
| 102 | _aRU | ||
| 105 | _aa z ||||| | ||
| 200 | 1 |
_aПружинные программные разгружатели цикловых механизмов _eМетод. разраб. для слушателей специализир. семинара по повышению квалификации инженеров-конструкторов (расчетчиков) на тему "Критер. методы расчета цикловых механизмов" _fМ-во высш. и сред. спец. образ. УССР. Укр. полигр. ин-т им. Ивана Федорова. М-во машиностроения для легкой и пищевой пром-сти и бытовых приборов СССР. Гл. упр. полигр. машиностроения. Отраслевая науч.-исслед. лаб. совершенствования динамики полигр. машин |
|
| 210 |
_aЛьвов _cБ. и. _d1974 |
||
| 215 |
_a74 с. _cил. _d20 |
||
| 225 | 1 |
_aКритерийные расчеты цикловых механизмов _vВып. МУ-16 |
|
| 320 | _aБиблиогр.: с. 71 | ||
| 333 | _aНа правах рукописи | ||
| 700 | 1 |
_aЯницкий _bВ.Г. _gВиталий Генрихович |
|
| 701 | 1 |
_aПолюдов _bА.Н. _gАлександр Николаевич |
|
| 712 | 1 | 2 |
_aСпециализированный семинар по повышению квалификации инженеров-конструкторов (расчетчиков) на тему "Критериальные методы расчета цикловых механизмов" _eЛьвов _f1974 _9847607 _3RU\NLR\AUTH\880591019 |
| 801 | 0 |
_aRU _bNLR _gpsbo |
|
| 801 | 1 |
_aRU _bELAR _2rusmarc |
|
| 852 |
_aNLR _j77-4/4070 |
||
| 942 | _cBOOK | ||
| 980 | _aNB | ||